000 00288nam a22001337a 4500
005 20171207111452.0
008 171207b xxu||||| |||| 00| 0 eng d
041 _aeng
082 _a530
245 _aMECHANICS
260 _aGT.BRITAIN
_bT.D.SOUTHERN LTD.
300 _a466p,
942 _cBK
999 _c5670
_d5668